书目信息 |
| 题名: |
危机管理心理学手册
|
|
| 作者: | 黄雯 著 | |
| 分册: | ||
| 出版信息: | 北京 中国法制出版社 2020.10 |
|
| 页数: | 12,255页 | |
| 开本: | 23cm | |
| 丛书名: | ||
| 单 册: | ||
| 中图分类: | B845.67 | |
| 科图分类: | ||
| 主题词: | 突发事件--心理干预--手册 | |
| 电子资源: | ||
| ISBN: | 978-7-5216-1285-1 | |
| 000 | 01408nam0 2200277 45 | |
| 001 | 012001003714 | |
| 005 | 20140914170350.0 | |
| 010 | @a978-7-5216-1285-1@b精装@dCNY128.00 | |
| 100 | @a20201109d2020 em y0chiy0110 ea | |
| 101 | 0 | @achi |
| 102 | @aCN@b110000 | |
| 105 | @aak az 000yy | |
| 106 | @ar | |
| 200 | 1 | @a危机管理心理学手册@Awei ji guan li xin li xue shou ce@dThe nandbook of crisis management psychology@f黄雯著@zeng |
| 210 | @a北京@c中国法制出版社@d2020.10 | |
| 215 | @a12,255页@c图@d23cm | |
| 300 | @a并列题名:Handbook of crisis management psychology | |
| 314 | @a黄雯,二级心理咨询师、美国马里兰大学ICISF个体/群体危机干预认证LPE领导力潜能认证教练、安赞咨询公司危机管理项目总监。 | |
| 320 | @a有书目(第251-255页) | |
| 330 | @a本书从进行心理危机管理所必需了解的基本概念和知识要点,危机管理与干预的相关理论和流派,心理工作者进行组织危机管理的流程、技术与工具,危机管理的案例解析等方面进行了系统、全面的整理分析。本书高度注重实践性、操作性和应用性。书中引用了大量的事例和个案,列明各种灾难、事故、暴力、创伤、灾后心理危机、自杀等的危机干预的具体操作步骤。旨在让更多的人乃至全社会共同关注心理危机的干预和危机管理,帮助从业者掌握判断和处理心理危机的科学方法。 | |
| 510 | 1 | @aHandbook of crisis management psychology@zeng |
| 606 | 0 | @a突发事件@x心理干预@j手册 |
| 690 | @aB845.67@v5 | |
| 701 | 0 | @a黄雯@Ahuang wen@4著 |
| 801 | @aCN@bAHXH@c20210922 | |
| 905 | @b1327491-5@dB845.67@e4006@f5 | |
| 危机管理心理学手册=The nandbook of crisis management psychology/黄雯著.-北京:中国法制出版社,2020.10 |
| 12,255页:图;23cm |
| 并列题名:Handbook of crisis management psychology |
| ISBN 978-7-5216-1285-1(精装):CNY128.00 |
| 本书从进行心理危机管理所必需了解的基本概念和知识要点,危机管理与干预的相关理论和流派,心理工作者进行组织危机管理的流程、技术与工具,危机管理的案例解析等方面进行了系统、全面的整理分析。本书高度注重实践性、操作性和应用性。书中引用了大量的事例和个案,列明各种灾难、事故、暴力、创伤、灾后心理危机、自杀等的危机干预的具体操作步骤。旨在让更多的人乃至全社会共同关注心理危机的干预和危机管理,帮助从业者掌握判断和处理心理危机的科学方法。 |
| ● |
| 相关链接 |
|
|
|
|
正题名:危机管理心理学手册
索取号:B845.67/4006
 
预约/预借
| 序号 | 登录号 | 条形码 | 馆藏地/架位号 | 状态 | 备注 |
| 1 | 1327491 | 213274918 | 第一样本阅览室/ [索取号:B845.67/4006] | 在馆 | |
| 2 | 1327492 | 213274927 | 教育系资料室/ [索取号:B845.67/4006] | 在馆 | |
| 3 | 1327493 | 213274936 | 教育系资料室/ [索取号:B845.67/4006] | 在馆 | |
| 4 | 1327494 | 213274945 | 第一借阅区/ [索取号:B845.67/4006] | 在馆 | |
| 5 | 1327495 | 213274954 | 第一借阅区/ [索取号:B845.67/4006] | 在馆 |